Statistics for Pixel art flags (easy)

Click here to take the quiz!

General Stats

  • This quiz has been taken 289 times
  • The average score is 10 of 12

Answer Stats

Answer% Correct
Canada
99%
Brazil
97%
China
95%
United States
88%
Israel
86%
United Kingdom
86%
Turkey
83%
Chile
80%
Nepal
78%
Barbados
70%
Kuwait
62%
Liberia
56%

Score Distribution

Percentile by Number Answered

Percent of People with Each Score

Your Score History

You have not taken this quiz